MDQL
is popping MORE tags! Check the
thread
!
Quizzes
Events
Quiz Creation
Community
Videos
Private Events
Remove Ads
Sign In
Join for FREE
Feedback
Dark Mode
Quiz Categories
Sports
Geography
Music
Movies
Television
Just For Fun
Miscellaneous
History
Literature
Language
Science
Gaming
Entertainment
Religion
Holiday
For Kids
Quiz Lab
Recent
Popular Today
Quiz Kudos Today
Editor Picks
Curator Picks
Quizzes by...
Day
Popularity
Type
Ratings
Length
Year
Community
Subscriptions
Recent Discussions
Orange Saloon
Badges
Playlists
Quests
Create
Leaderboards
Showdown
Live 5
Trivia Bingo
Activity
Puzzle Library
Sporcle Events
Private Events
Virtual Trivia
Globe League
Become a Host
Pub Owners
SporcleCon
Opinionation
Our Games
Videos
Blog
Mobile Apps
Partnerships
Remove Ads and Go Orange
Feedback
Language
Vocabulary
Begins and Ends
Definition
Spanish
French
German
Italian
Chinese
Latin
Translation
Japanese
Language
Vocabulary
Begins and Ends
Definition
Spanish
French
German
Italian
Chinese
Latin
Translation
Japanese
Random Quiz
Search Sporcle
×
Quiz Lab
Quiz Lab
Language
turkish
Type in answers that appear in a list
Type in answers that appear in a list
Classic
Best Score? Go Orange.
Turkish Sayings Stats
Can you name the Turkish equivalent of these English sayings?
By
babysmamadrama
10m
15 Questions
189 Plays
189 Plays
189 Plays
Comments
Comments
Give Quiz Kudos
Give Quiz Kudos
-
- Ratings
hide this ad
Replay
Link that replays current quiz
Next Quiz
Link to next quiz in quiz playlist
You Got
0%
They Got
Avg Score
69%
Avg Friend Score
Upgrade to see
Score Distribution
Jump to the score distribution portion of the page
Score
0/15
Timer
10:00
0
Plays Today
English
Turkish
% Correct
Hello
Merhaba
95.8%
Yes
Evet
94.7%
Good
Iyi
93.1%
No
Hayir
91.5%
How are you?
Nasilsiniz
89.9%
Please
Lutfen
87.3%
Where is it?
O Nerede
82.5%
My name is...
Adim
79.4%
English
Turkish
% Correct
Thank you
Tesekkurler
78.3%
I love you
Seni seviyorum
76.7%
What time is it?
Saat kac
68.8%
Good night
Iyi gecele
61.9%
Pleased to meet you
Memnun oldum
33.3%
How much is it?
Kaca?
6.3%
No thanks
Sagolun
5.8%
Quiz Playlist
Details
Report
Send in Message
Add To Playlist
Classic:
Type in answers that appear in a list
Last Updated: Feb 16, 2017
Quiz Scoreboard
CHALLENGE
Sign Up to Join the Scoreboard
Show All
Scores
Hide
Comments
May contain spoilers
Recently Published
1-10 Letter E Words III
by El_Dandy
Language
2m
Street Fighter Characters
by Artimus82
Gaming
60s
College Basketball Coaching Resumes
by pancakes188
Sports
9m
More to Explore
Quiz From the Vault
Featured Blog Post
Where Did the Easter Bunny Come From?
hide this ad
You Might Also Like...
Tags
English
Equivalent
Saying
turkish
Today's Top Quizzes in Language
Browse Language
hide this ad
Today's Top Quizzes in turkish
Browse turkish
Top Contributed Quizzes in Language
1
1-10 Letter F Words III
2
1-10 Letter G Words III
3
1-10 Letter H Words III
4
Celtic Nations in their Language
5
1-10 Letter I Words III
6
Alphabetize! : 'As' words
7
One Thing in Common: Italy
8
1-10 Letter J Words III
9
Order Up: Top 10 Most Native Spoken Languages
10
1-10 Letter K Words III
Explore More
Trending Topics
Disney
Crossword
Kpop
Harry Potter
Marvel
Anime
NBA
Puzzle
Country
Soccer
NFL
The Office
Pokémon
WWE
Song
hide this ad
More By:
babysmamadrama
Quiz
Plays
Rating
Category
Featured
Created
'M' game
2,199
4.00
Miscellaneous
Dec 16, 2009
Turkish Sayings
189
Language
Nov 6, 2010
Go to Creator's Profile
Score Distribution
Quiz Creator Spotlight
babysmamadrama
Follow
Send a Message
Quizzes Created
-
Created Quiz Play Count
-
More By This Creator
Popular Quizzes Today
1
Find the US States - No Outlines Minefield
2
Find the Countries of Europe - No Outlines Minefield
3
The Countries of the World
4
Find the US States
5
Risky Map Clicking: Biggest States A-Z
6
US States
7
Popular People in 1961
8
Movies - When Are They Set?
More Language Quizzes
Rhymes With 'Goth'
Quiz Lab
Trending Quizzes
Risky Map Clicking: Least Populous States A-Z
1-10 Letter G Words
Countries of the World: 200 Million BC
1-10 Letter F Words
Risky Map Clicking: Next State Alphabetically
Recently Updated
Largest US Cities 1790-2010
pecheneg
Rides in Walt Disney World
pecheneg
Most Oscar Losses (Acting)
pecheneg
Beyoncé Albums
pecheneg
Leaping Animals
pecheneg
Reality TV Shows (A-Z)
bhenderson79
Rickey Henderson's Hall of Fame Teammates
pecheneg
Champions League XIs: Arsenal
pecheneg
Quick Pick: Celebrities in WWE's Hall of Fame
aduchscher
A-Z Keypad Blitz II
pecheneg
Trending Topics
Crossword
NBA
Harry Potter
Anime
Disney
Kpop
Marvel
Puzzle
WWE
NFL
The Office
Song
Country
Pokémon
Soccer
Your Account Isn't Verified!
In order to create a playlist on Sporcle, you need to verify the email address you used during registration. Go to your
Sporcle Settings
to finish the process.
Report this User
Report this user for behavior that violates our
Community Guidelines
.
Details:
Send Report
Go to the Sporcle.com Mobile Site →
Comments